| 000 | 00895nam a2200277Ia 4500 | ||
|---|---|---|---|
| 001 | Para_795 | ||
| 003 | CHAP | ||
| 008 | 220125s1985 xx 000 0 und d | ||
| 010 | _a199502 | ||
| 040 | _cCHAP | ||
| 090 | _aPA TESIS 767 | ||
| 100 |
_aRuiz Garcia, Ramiro _9100684 |
||
| 245 |
_aPiretroides : _b algunas consideraciones para uso adecuado del valle del Yaqui, Sonora / _c por Ramiro Ruiz Garcia |
||
| 260 |
_aChapingo, Méx. : _b el autor |
||
| 300 | _a45 h. | ||
| 502 | _aTesis (Ing. Agr. Esp. en Parasitología Agrícola) UAACH. Departamento Parasitología Agrícola | ||
| 650 |
_aInsecticidas _x Toxicidad _958882 |
||
| 710 |
_aUACh. Departamento Parasitología Agrícola _9164025 |
||
| 901 | _aPA TESIS 767 | ||
| 902 | _aA | ||
| 905 | _a0000001985 0000000000 00 | ||
| 910 | _a1985 | ||
| 942 | _cPARA | ||
| 942 |
_cPARA _d1 |
||
| 999 |
_c199502 _d199502 |
||